000 00242nam a22001097a 4500
008 160519b xxu||||| |||| 00| 0 eng d
020 _a0878575529
041 _aeng
080 _a61
245 _aUsing medicines wisely:
_cUsi;
942 _2udc
_cBK
999 _c2222
_d2222